000 00796nam a22002297a 4500
999 _c20624
_d20624
003 AR-CdUCM
008 190531b ||||| |||| 00| 0 spa d
040 _aMUNICIPALIDAD PROVINCIAL DEL CUSCO
_cBIBLIOTECA MUNICIPAL DEL CUSCO
082 _a985 /
_bK22
100 _aKapsoli, Wilfredo y Reátegui, Wilson
_943099
245 _aEl campesinado peruano /
260 _aLima :
_c1972
300 _a312 páginas ;
_c22 cm.
500 _a[libro reempastado]
505 _aContenido: Situación general del Perú durante el oncenio -- El imperialismo norteamericano -- El problema del trabajo...
650 _aEL Perú en el oncenio
_943100
650 _aEl campesino
_943101
650 _aCampesino - Perú
_943102
650 _aHistoria - Perú
_94248
942 _2ddc
_cLIBROS
945 _aAndy